[Event "Budapest FS06 GM"]
[Site "Budapest"]
[Date "1995.??.??"]
[Round "11"]
[White "Csom, Istvan"]
[Black "Liss, Eran"]
[Result "0-1"]
[WhiteElo "2455"]
[BlackElo "2480"]
[PlyCount "82"]
[EventDate "1995.06.??"]
[Source "ChessBase"]

1. c4 Nf6 2. Nf3 g6 3. b4 Bg7 4. Bb2 O-O 5. e3 d6 6. d3 e5 7. Nbd2 Re8 8. Be2 Nh5 9. Ng1 Nf6 10. Ngf3 Nbd7 11. O-O h6 12. Qc2 Nf8 13. c5 g5 14. Rfc1 Ng6 15. cxd6 cxd6 16. a3 Re7 17. Bf1 g4 18. Ne1 d5 19. Nb3 h5 20. b5 Bh6 21. d4 g3 22. hxg3 e4 23. Be2 Ng4 24. Nd2 h4 25. Bxg4 Bxg4 26. Nf1 f5 27. a4 Rh7 28. Ra3 Qg5 29. Rc3 Nf8 30. Ba3 Qh5 31. f4 exf3 32. Nxf3 Bxf3 33. gxf3 hxg3 34. Qg2 f4 35. Bd6 Re8 36. Rc8 Ne6 37. Rxe8+ Qxe8 38. Be5 Bg7 39. Bxg7 Rxg7 40. Rc3 Qh5 41. Qe2 g2 0-1

[Event "It (Men) Budapest HUN"]
[Site "?"]
[Date "1998.??.??"]
[Round "4"]
[White "Czebe Attila"]
[Black "Vajda Levente"]
[Result "1/2-1/2"]
[WhiteElo "2455"]
[BlackElo "2480"]
[PlyCount "71"]
[EventDate "1998.??.??"]
[Source "www.chesslib.no"]
[SourceDate "2004.05.04"]

1. c4 Nf6 2. Nf3 g6 3. b4 Bg7 4. Bb2 O-O 5. d4 d5 6. cxd5 Nxd5 7. a3 c6 8. e4 Nc7 9. Nbd2 Nd7 10. Nc4 Nb6 11. Qb3 Be6 12. Rd1 Nxc4 13. Bxc4 Bxc4 14. Qxc4 a5 15. O-O e6 16. Ne5 Qe7 17. Bc3 a4 18. Bb2 Rfd8 19. f4 f5 20. Rde1 Bxe5 21. dxe5 fxe4 22. f5 gxf5 23. Rxf5 b5 24. Qa2 Rd2 25. Rf6 Nd5 26. Qb1 Nxf6 27. exf6 Qa7+ 28. Kh1 Rad8 29. Rf1 Rf2 30. Re1 e3 31. Qc1 Qd7 32. Qxe3 Rxb2 33. f7+ Kxf7 34. Rf1+ Ke8 35. Qe5 Rd2 36. Qh5+ 1/2-1/2

[Event "Tel Aviv"]
[Site "Tel Aviv"]
[Date "1988.??.??"]
[Round "?"]
[White "Csom, Istvan"]
[Black "Shvidler, Eliahu"]
[Result "1-0"]
[WhiteElo "2495"]
[BlackElo "2440"]
[PlyCount "81"]
[EventDate "1988.03.??"]
[Source "ChessBase"]

1. c4 Nf6 2. Nf3 c6 3. b3 g6 4. Bb2 Bg7 5. e3 O-O 6. Be2 d6 7. O-O a6 8. d3 b5 9. Nbd2 Bb7 10. Qc2 Nbd7 11. Rac1 Rc8 12. d4 Qb6 13. Rfe1 Rfe8 14. e4 Nh5 15. g3 e5 16. c5 Qa7 17. b4 exd4 18. Bxd4 a5 19. a3 axb4 20. axb4 dxc5 21. bxc5 Bxd4 22. Nxd4 Nhf6 23. Bf1 Rcd8 24. N2b3 Qa4 25. Qc3 Qa7 26. Bg2 Ne5 27. Ra1 Qb8 28. h3 Nfd7 29. f4 Nc4 30. e5 Qc7 31. e6 Nf8 32. exf7+ Kxf7 33. Ra7 Rxe1+ 34. Qxe1 Ra8 35. Nxb5 Qd7 36. Qe2 Ne6 37. Rxa8 Bxa8 38. Nc3 Na5 39. Nxa5 Qd4+ 40. Kh2 Qxc3 41. Nc4 1-0

[Event "Fiume"]
[Site "?"]
[Date "2006.11.16"]
[Round "3"]
[White "Kovacevic Blazimir"]
[Black "Jovanic Ognjen"]
[Result "1/2-1/2"]
[WhiteElo "2471"]
[BlackElo "2458"]
[PlyCount "70"]
[EventDate "2006.??.??"]
[Source "www.chesslib.no"]
[SourceDate "2004.05.04"]

1. c4 Nf6 2. Nf3 c6 3. Nc3 d5 4. e3 a6 5. b3 Bg4 6. Be2 Nbd7 7. Bb2 e6 8. d3 Bd6 9. h3 Bh5 10. g4 Bg6 11. g5 Ng8 12. Nxd5 e5 13. Nc3 h6 14. gxh6 Rxh6 15. Qd2 Ngf6 16. O-O-O Qe7 17. Ng5 Rh4 18. Qe1 O-O-O 19. Qg1 Nc5 20. b4 Ne6 21. Nf3 Rh6 22. c5 Bc7 23. Na4 Nd7 24. Qe1 e4 25. Nd4 Ne5 26. Nxe6 Qxe6 27. Bxe5 Bxe5 28. d4 Qxa2 29. Nb6+ Kb8 30. Bc4 Qa3+ 31. Kc2 Bxd4 32. exd4 e3+ 33. Bd3 Qa2+ 34. Kc3 Qa3+ 35. Kc2 Qa2+ 1/2-1/2

[Event "It (Open) Deizisau GER"]
[Site "?"]
[Date "2006.04.??"]
[Round "5"]
[White "Markowski Tomasz"]
[Black "Stark Lars"]
[Result "1/2-1/2"]
[WhiteElo "2554"]
[BlackElo "2370"]
[PlyCount "93"]
[EventDate "2006.??.??"]
[Source "www.chesslib.no"]
[SourceDate "2004.05.04"]

1. c4 Nf6 2. Nf3 Nc6 3. d4 e6 4. a3 d5 5. e3 g6 6. b4 Bg7 7. Bb2 O-O 8. Nbd2 Ne7 9. Be2 Nf5 10. O-O Re8 11. Qc2 c6 12. a4 Nd7 13. Rfc1 a6 14. Nb3 dxc4 15. Bxc4 e5 16. dxe5 Nxe5 17. Nxe5 Bxe5 18. Bxe5 Rxe5 19. Rd1 Qe7 20. Qc3 Nd6 21. Be2 Bf5 22. Rd4 Be6 23. Bf3 Bxb3 24. Qxb3 Ne4 25. Rad1 Nf6 26. h3 Kg7 27. Qc3 Re8 28. R4d3 Kg8 29. Qc4 Kg7 30. Qd4 Qc7 31. Rc1 Qb8 32. Qb6 Qc8 33. Rcd1 R8e7 34. Rd6 Qc7 35. Qd4 R7e6 36. Rxe6 Rxe6 37. Qa7 Re7 38. Qc5 Qe5 39. Qb6 Qc7 40. Qa7 Qe5 41. Rd4 Qc7 42. g3 Nd7 43. Bg2 Nb6 44. a5 Nd7 45. Rd1 Nf6 46. Bf3 Re5 47. Kg2 1/2-1/2

[Event "Albena"]
[Site "Albena"]
[Date "1984.??.??"]
[Round "?"]
[White "Spiridonov, Nikola"]
[Black "Lechtynsky, Jiri"]
[Result "0-1"]
[WhiteElo "2445"]
[BlackElo "2470"]
[PlyCount "62"]
[EventDate "1984.??.??"]
[Source "www.chesslib.no"]
[SourceDate "2004.05.04"]

1. c4 Nf6 2. Nf3 g6 3. b4 Bg7 4. Bb2 O-O 5. e3 c6 6. Be2 d5 7. Na3 Qd6 8. Qb3 Nbd7 9. O-O e6 10. Rfc1 a6 11. Nc2 e5 12. d4 e4 13. Ne5 Qe6 14. Nxd7 Bxd7 15. a4 Qf5 16. cxd5 Nxd5 17. b5 axb5 18. axb5 cxb5 19. Rxa8 Rxa8 20. Bxb5 Bxb5 21. Qxb5 Nxe3 22. Qxb7 Qd5 23. Qxd5 Nxd5 24. g3 f5 25. Ne3 Bh6 26. Re1 Bxe3 27. fxe3 Ra2 28. Bc1 Kf7 29. Rd1 Nc3 30. Rf1 Ne2+ 31. Kh1 Ra1 0-1

[Event "ch-ROU"]
[Site "Cluj ROU"]
[Date "2008.02.26"]
[Round "2"]
[White "Grecescu, G."]
[Black "Manolache, M."]
[Result "1-0"]
[WhiteElo "2383"]
[BlackElo "2530"]
[PlyCount "83"]
[EventDate "2008.02.25"]
[Source "www.chesslib.no"]
[SourceDate "2004.05.04"]

1. c4 Nf6 2. Nf3 g6 3. g3 Bg7 4. Bg2 c6 5. O-O O-O 6. Nc3 d5 7. cxd5 Nxd5 8. e4 Nb6 9. d4 Bg4 10. e5 Qd7 11. Be3 Na6 12. a4 Rad8 13. a5 Nc4 14. Qa4 Nxe3 15. fxe3 c5 16. Nb5 Nb4 17. dxc5 Nd5 18. Rfe1 a6 19. Nbd4 Bh6 20. Qxd7 Bxd7 21. Kf2 e6 22. Ra3 Rc8 23. Rc1 Rc7 24. Rc4 Bb5 25. Nxb5 axb5 26. Rc2 Rfc8 27. Rb3 Rxc5 28. Rxc5 Rxc5 29. Nd4 b4 30. e4 Nc7 31. Rxb4 Rxa5 32. Rxb7 Rc5 33. Bf1 Bf8 34. Bd3 h5 35. Nf3 Be7 36. Ke2 Kf8 37. Kd2 Rc6 38. b4 Ne8 39. Rb8 Rc7 40. Bb5 Bxb4+ 41. Kd1 Ba3 42. Rxe8+ 1-0

[Event "Hamburg-chI"]
[Site "Hamburg"]
[Date "1998.05.29"]
[Round "1"]
[White "Ftacnik, Lubomir"]
[Black "Hegeler, Frank"]
[Result "1-0"]
[WhiteElo "2580"]
[BlackElo "2330"]
[PlyCount "49"]
[EventDate "1998.05.29"]
[Source "ChessBase"]
[SourceDate "1998.07.07"]

1. c4 Nf6 2. Nf3 c6 3. Nc3 d5 4. e3 e6 5. b3 b6 6. Bb2 Be7 7. g4 Nxg4 8. Rg1 Nf6 9. Rxg7 Kf8 10. Rg1 Ba6 11. Qc2 dxc4 12. bxc4 c5 13. Ne5 Bb7 14. O-O-O Nc6 15. f4 Rc8 16. a3 a6 17. Bg2 Rg8 18. Bxc6 Bxc6 19. Rxg8+ Kxg8 20. d4 Bb7 21. d5 exd5 22. cxd5 Bd6 23. Qf5 Rc7 24. Qg5+ Kf8 25. Ne4 1-0

[Event "Belgian Interteams"]
[Site "?"]
[Date "2001.??.??"]
[Round "?"]
[White "Kohlweyer, B."]
[Black "Cuijpers, F."]
[Result "1/2-1/2"]
[WhiteElo "2440"]
[BlackElo "2470"]
[PlyCount "62"]
[EventDate "2001.??.??"]
[Source "www.chesslib.no"]
[SourceDate "2004.05.04"]

1. c4 Nf6 2. Nf3 c6 3. Nc3 d5 4. e3 e6 5. b3 Nbd7 6. Bb2 Bd6 7. Qc2 O-O 8. Be2 a6 9. d4 dxc4 10. bxc4 e5 11. O-O Qe7 12. Rfd1 Re8 13. a4 e4 14. Nd2 Nf8 15. c5 Bc7 16. Nc4 Ng4 17. h3 Nf6 18. Ba3 Ng6 19. Nd6 Bxd6 20. cxd6 Qe6 21. Bf1 Nh4 22. Rab1 Nf5 23. d5 cxd5 24. Nxd5 Nxd5 25. Bc4 Qg6 26. Bxd5 Nh4 27. f4 Bxh3 28. Rxb7 Qg3 29. Rxf7 Nf3+ 30. Kf1 Nh2+ 31. Kg1 Nf3+ 1/2-1/2

[Event "St Petersburg op2"]
[Site "St Petersburg"]
[Date "1994.??.??"]
[Round "5"]
[White "Popov, Valerij"]
[Black "Kuporosov, Viktor"]
[Result "1-0"]
[WhiteElo "2395"]
[BlackElo "2510"]
[PlyCount "69"]
[EventDate "1994.10.??"]
[Source "ChessBase"]

1. c4 Nf6 2. Nf3 c6 3. Nc3 d5 4. e3 e6 5. b3 Nbd7 6. Qc2 Bd6 7. Bb2 Qe7 8. d4 O-O 9. O-O-O b6 10. e4 dxe4 11. Nxe4 Ba3 12. Nxf6+ Nxf6 13. c5 Bxb2+ 14. Kxb2 bxc5 15. dxc5 e5 16. Rd6 e4 17. Nd4 Qe5 18. Ka3 Bb7 19. Be2 Rac8 20. Rd1 Rc7 21. g3 g6 22. Qc3 Nd5 23. Qa5 Rfc8 24. Bg4 Rb8 25. Be2 Rbc8 26. Bc4 Nb6 27. Qb4 Nxc4+ 28. Qxc4 Ba6 29. Qc3 Bd3 30. f3 Re7 31. fxe4 Bxe4 32. Re1 f5 33. Qc4+ Rf7 34. Nxc6 Qe8 35. Qd4 1-0

[Event "300 Years"]
[Site "St Petersburg"]
[Date "2003.10.21"]
[Round "4"]
[White "Popov, Valerij"]
[Black "Shaginjan, Armen"]
[Result "1-0"]
[WhiteElo "2579"]
[BlackElo "2319"]
[PlyCount "85"]
[EventDate "2003.10.18"]
[Source "Roberto Alvarez"]
[SourceDate "2003.10.27"]

1. c4 Nf6 2. Nf3 c6 3. Nc3 d5 4. e3 Bf5 5. cxd5 Nxd5 6. d3 Nf6 7. e4 Bg6 8. h4 Bh5 9. Qb3 Qb6 10. Be3 Qxb3 11. axb3 Bxf3 12. gxf3 Na6 13. Rg1 e6 14. f4 Nd7 15. d4 Nb4 16. O-O-O O-O-O 17. Bh3 Nf6 18. f5 exf5 19. Bxf5+ Kb8 20. Bf4+ Ka8 21. Bc7 Re8 22. Be5 h5 23. f3 b6 24. Rg5 Rd8 25. Rg2 Kb7 26. d5 c5 27. Bh3 Ne8 28. Kd2 Nc6 29. Bg3 Nd4 30. Ke3 Nxb3 31. e5 Nc7 32. d6 Ne6 33. Bxe6 fxe6 34. Ne4 Rd7 35. Bf4 Nd4 36. Rxd4 cxd4+ 37. Kxd4 Rf7 38. Ke3 Rd7 39. Rg6 Kc6 40. Rxe6 g5 41. Bxg5 Bg7 42. f4 a5 43. Rg6 1-0

[Event "Ortigueira SPA"]
[Site "?"]
[Date "2005.08.16"]
[Round "5.2"]
[White "Vitor Antonio"]
[Black "Franco Zenon"]
[Result "1/2-1/2"]
[WhiteElo "2365"]
[BlackElo "2526"]
[PlyCount "73"]
[EventDate "2005.??.??"]
[Source "www.chesslib.no"]
[SourceDate "2004.05.04"]

1. c4 Nf6 2. Nf3 c6 3. e3 d5 4. Qc2 g6 5. b3 Bg7 6. Bb2 O-O 7. Be2 Bg4 8. O-O Nbd7 9. d3 Rc8 10. Nbd2 e5 11. h3 Bxf3 12. Nxf3 Qe7 13. Rfc1 e4 14. Ne1 dxc4 15. Qxc4 Rfd8 16. Qc2 h5 17. Rab1 Nb6 18. Rd1 Nbd5 19. a3 Rc7 20. b4 Rcd7 21. Bxf6 Bxf6 22. d4 Bg5 23. Rb3 f5 24. b5 cxb5 25. Rxb5 Kh7 26. Bc4 Nb6 27. Qb3 Nxc4 28. Qxc4 Qxa3 29. g4 hxg4 30. hxg4 Qe7 31. gxf5 gxf5 32. Rxf5 Rg8 33. Kf1 Bh4 34. Ke2 Qg7 35. Qe6 Qg4+ 36. f3 exf3+ 37. Nxf3 1/2-1/2

[Event "Zaitsev Memorial"]
[Site "Vladivostok RUS"]
[Date "1978.??.??"]
[Round "?"]
[White "Chekhov, Valery A"]
[Black "Gutman, Lev"]
[Result "0-1"]
[WhiteElo "2470"]
[BlackElo "2420"]
[PlyCount "74"]
[EventDate "1978.??.??"]
[Source "www.chesslib.no"]
[SourceDate "2004.05.04"]

1. c4 Nf6 2. Nf3 g6 3. b3 Bg7 4. Bb2 O-O 5. g3 c6 6. Bg2 a5 7. O-O Na6 8. d4 b5 9. Nbd2 bxc4 10. bxc4 c5 11. d5 e6 12. e4 exd5 13. e5 Ne8 14. cxd5 Nb4 15. a3 Nd3 16. Bc3 Ba6 17. Qc2 d6 18. exd6 Nxd6 19. Rfd1 Bxc3 20. Qxc3 Re8 21. Bf1 c4 22. Nxc4 Nxf2 23. Nxd6 Nxd1 24. Qc6 Qf6 25. Nxe8 Qxf3 26. Bxa6 Qf2+ 27. Kh1 Rxa6 28. Nf6+ Kg7 29. Ne8+ Kh6 30. Qc4 Qe1+ 31. Kg2 Ne3+ 32. Kf3 Nxc4 33. Rxe1 Ra8 34. Re7 Rd8 35. d6 g5 36. Ke4 Rxe8 37. Kd5 Nxd6 0-1

[Event "FSGM September"]
[Site "Budapest"]
[Date "2003.09.06"]
[Round "1"]
[White "Csom, Istvan"]
[Black "Erdos, Viktor"]
[Result "1-0"]
[WhiteElo "2455"]
[BlackElo "2420"]
[PlyCount "183"]
[EventDate "2003.09.06"]
[Source "Roberto Alvarez"]
[SourceDate "2003.09.22"]

1. c4 Nf6 2. Nf3 c6 3. Qa4 e6 4. g3 d5 5. Bg2 Nbd7 6. d3 Bd6 7. O-O O-O 8. Nbd2 b5 9. cxb5 Nc5 10. Qd4 cxb5 11. Nb3 Nfd7 12. Bf4 Nxb3 13. axb3 Bc5 14. Qc3 a5 15. d4 b4 16. Qc2 Bb6 17. Bd6 Re8 18. Bxb4 Ba6 19. Bc3 Qc7 20. Rfc1 Rec8 21. Qd2 Bb5 22. Re1 Qd8 23. Qe3 Ra7 24. Qf4 Bc7 25. Qe3 Bb6 26. Red1 Qf8 27. Re1 Qd8 28. Rec1 Raa8 29. Bh3 Qf8 30. Re1 Ra7 31. Nd2 Nb8 32. Qf4 Nc6 33. Nf3 Bc7 34. Qd2 Rd8 35. Qc2 h6 36. Qd2 Rb8 37. Bg2 Qd8 38. Rec1 Ra6 39. Ne1 Bd6 40. e4 dxe4 41. Bxe4 Nb4 42. Nc2 Bc6 43. Bxc6 Rxc6 44. Ne3 Ra6 45. Rd1 Rb5 46. Qe2 Qb8 47. d5 exd5 48. Nxd5 Nxd5 49. Rxd5 Rxd5 50. Qxa6 Bb4 51. Bxb4 axb4 52. Qc6 Rd8 53. Ra5 Rc8 54. Qd5 Rd8 55. Rb5 Qc8 56. Rc5 Qb8 57. Qe4 Qd6 58. Rc4 Rb8 59. Kg2 Qb6 60. h4 Qb5 61. Rc7 Qb6 62. Qe7 Rf8 63. Qd7 Qa5 64. Rb7 Qc5 65. Rb5 Qc2 66. Rxb4 Qxb2 67. Qd5 Qf6 68. Rf4 Qe7 69. b4 Rb8 70. b5 Rd8 71. Qc6 Rd6 72. Qa8+ Rd8 73. Qe4 Qa7 74. Qc6 Rb8 75. Rf5 g6 76. Re5 Kh7 77. h5 g5 78. Rf5 Qb7 79. Qxb7 Rxb7 80. Kf3 Kg7 81. Ke4 f6 82. Kd4 Kf7 83. Kc5 Ke6 84. g4 Rc7+ 85. Kb6 Rc4 86. f3 Ra4 87. Kc6 Rc4+ 88. Kb7 Rb4 89. b6 Rb3 90. Kc7 Rb4 91. b7 Rc4+ 92. Kb6 1-0

[Event "Kiev (Ukraine)"]
[Site "?"]
[Date "1968.??.??"]
[Round "3"]
[White "Novopashin Arkady"]
[Black "Podgaets Mikhail"]
[Result "0-1"]
[WhiteElo "2387"]
[BlackElo "2487"]
[PlyCount "62"]
[EventDate "1968.??.??"]
[Source "www.chesslib.no"]
[SourceDate "2004.05.04"]

1. c4 Nf6 2. Nf3 g6 3. b4 Bg7 4. Bb2 O-O 5. e3 d6 6. Be2 e5 7. O-O Nbd7 8. d4 e4 9. Nfd2 Re8 10. Nc3 Nf8 11. a4 h5 12. a5 a6 13. Qc2 Bf5 14. b5 N8h7 15. Nd5 Ng4 16. b6 c6 17. Nc7 Qh4 18. Bxg4 hxg4 19. Rfc1 Ng5 20. Nf1 Nf3+ 21. Kh1 f6 22. Ba3 Bf8 23. Ra2 Kf7 24. Qb3 Be7 25. Rd1 Rh8 26. h3 Ng5 27. Kg1 gxh3 28. g3 h2+ 29. Kh1 Qh3 30. f4 exf3 31. Nxh2 Be4 0-1

[Event "JUG Ch sf"]
[Site "Kladovo"]
[Date "1994.??.??"]
[Round "?"]
[White "Arsovic, Goran"]
[Black "Simic, Radoslav"]
[Result "0-1"]
[WhiteElo "2375"]
[BlackElo "2495"]
[PlyCount "56"]
[EventDate "1994.??.??"]
[Source "www.chesslib.no"]
[SourceDate "2004.05.04"]

1. c4 Nf6 2. Nf3 c6 3. Nc3 d5 4. e3 a6 5. d4 Bg4 6. Qb3 Ra7 7. Ne5 Bf5 8. cxd5 cxd5 9. e4 Bxe4 10. Qa4+ Nfd7 11. Nxe4 dxe4 12. Be3 e6 13. Rc1 Ra8 14. Be2 Be7 15. f3 O-O 16. Nxd7 Nxd7 17. fxe4 Bg5 18. Qb3 Bxe3 19. Qxe3 Qb6 20. Qc3 Nf6 21. Bf3 Rfd8 22. Rd1 Rac8 23. Qd3 Qxb2 24. O-O e5 25. d5 Qxa2 26. Rb1 Rc7 27. h3 h6 28. Kh2 Ne8 0-1

[Event "BL2-S 9596"]
[Site "GER"]
[Date "1996.??.??"]
[Round "?"]
[White "Bezold, Michael"]
[Black "Gerstner, Wolfgang"]
[Result "1-0"]
[WhiteElo "2485"]
[BlackElo "2385"]
[PlyCount "65"]
[EventDate "1995.10.??"]
[Source "www.chesslib.no"]
[SourceDate "2004.05.04"]

1. c4 Nf6 2. Nf3 c6 3. Nc3 d5 4. e3 e6 5. b3 Bd6 6. Bb2 O-O 7. Qc2 Nbd7 8. h3 Qe7 9. g4 Ne5 10. Nxe5 Bxe5 11. Bd3 h6 12. Rg1 Nd7 13. O-O-O d4 14. Ne4 dxe3 15. dxe3 Bxb2+ 16. Qxb2 Nc5 17. Qe5 Nxd3+ 18. Rxd3 f6 19. Qd6 Qxd6 20. Nxd6 b6 21. Rgd1 Bd7 22. Nb7 Bc8 23. Nd8 c5 24. f4 Kh7 25. Rd6 Re8 26. Kb2 h5 27. e4 Kg6 28. gxh5+ Kxh5 29. Rg1 Kh6 30. e5 fxe5 31. f5 Re7 32. fxe6 Kh5 33. Rd5 1-0

[Event "Eksjo"]
[Site "Eksjo SWE"]
[Date "1983.??.??"]
[Round "?"]
[White "Schneider, Lars-Ake"]
[Black "Pribyl, Josef"]
[Result "0-1"]
[WhiteElo "2455"]
[BlackElo "2415"]
[PlyCount "104"]
[EventDate "1983.??.??"]
[Source "www.chesslib.no"]
[SourceDate "2004.05.04"]

1. c4 Nf6 2. Nf3 g6 3. b4 Bg7 4. Bb2 O-O 5. g3 b6 6. Bg2 Bb7 7. O-O c5 8. bxc5 bxc5 9. Nc3 Nc6 10. Nd5 Nxd5 11. Bxg7 Kxg7 12. cxd5 Nb4 13. d4 Nxd5 14. dxc5 Nf6 15. Qd4 Qc7 16. Rfd1 Rac8 17. Rac1 Rfd8 18. h4 Qa5 19. h5 Bxf3 20. Bxf3 d6 21. c6 Rc7 22. hxg6 hxg6 23. Kg2 Rh8 24. Rh1 Rxh1 25. Rxh1 g5 26. g4 Qe5 27. Qb4 Qe6 28. Qa5 Ne8 29. Qxg5+ Qg6 30. Qh4 Kf8 31. Rb1 f5 32. Qh8+ Kf7 33. Bd5+ e6 34. Rb8 Ke7 35. Bxe6 Qxg4+ 36. Kf1 Kxe6 37. Qxe8+ Kd5 38. Rb5+ Kc4 39. Rb3 Rh7 40. Qe6+ d5 41. Ke1 Rh1+ 42. Kd2 Qd4+ 43. Rd3 Qb2+ 44. Ke3 Qc1+ 45. Rd2 Rh3+ 46. f3 Qg1+ 47. Kf4 Qg3+ 48. Kxf5 Rh5+ 49. Kf6 Qg5+ 50. Kf7 Rh7+ 51. Ke8 Rh8+ 52. Kf7 Qg8+ 0-1

[Event "Moscow RUS"]
[Site "?"]
[Date "2000.??.??"]
[Round "5"]
[White "Kremenietsky Anatoly M"]
[Black "Shabanov Yuri"]
[Result "0-1"]
[WhiteElo "2390"]
[BlackElo "2477"]
[PlyCount "118"]
[EventDate "2000.??.??"]
[Source "www.chesslib.no"]
[SourceDate "2004.05.04"]

1. c4 Nf6 2. Nf3 c6 3. b4 d5 4. e3 Bg4 5. Bb2 e6 6. a3 Nbd7 7. h3 Bh5 8. cxd5 cxd5 9. Nc3 Bg6 10. Nh4 Be7 11. Be2 O-O 12. Nxg6 hxg6 13. O-O Ne8 14. Rc1 Bf6 15. Qb3 Nd6 16. Rc2 Rc8 17. Rfc1 Nb6 18. Nd1 Rxc2 19. Rxc2 Qd7 20. b5 Rc8 21. Bxf6 gxf6 22. a4 Nbc4 23. d3 Na5 24. Rxc8+ Qxc8 25. Qb4 Qd8 26. e4 dxe4 27. dxe4 f5 28. Qd4 b6 29. exf5 gxf5 30. Ne3 Nb3 31. Qf4 Ne4 32. Bf3 Nd4 33. Kh2 Qd6 34. Qxd6 Nxd6 35. Bd1 Ne4 36. f4 Nc3 37. g3 Kf8 38. Kg2 Ke7 39. h4 f6 40. Kf2 Kf7 41. Bc2 Nxc2 42. Nxc2 Nxa4 43. Nd4 Nc5 44. Nc6 a5 45. bxa6 Nxa6 46. Nd8+ Ke7 47. h5 Nc7 48. Kf3 Kf8 49. g4 fxg4+ 50. Kxg4 Kg8 51. f5 e5 52. Kf3 Kh7 53. Ne6 Ne8 54. Nf8+ Kh6 55. Nd7 b5 56. Ke4 Kxh5 57. Nxf6+ Nxf6+ 58. Kxe5 Kg5 59. Kd4 b4 0-1

[Event "Yerevan"]
[Site "Erevan ARM"]
[Date "1982.??.??"]
[Round "7"]
[White "Grigoryan, Karen A"]
[Black "Mnatsakanian, Eduard A"]
[Result "0-1"]
[WhiteElo "2415"]
[BlackElo "2450"]
[PlyCount "82"]
[EventDate "1982.??.??"]
[Source "www.chesslib.no"]
[SourceDate "2004.05.04"]

1. c4 Nf6 2. Nf3 c6 3. g3 d5 4. Qc2 Bg4 5. Ne5 Bh5 6. Bg2 d4 7. Nf3 e6 8. O-O Bc5 9. d3 O-O 10. Bg5 h6 11. Bxf6 Qxf6 12. Nbd2 Qe7 13. b4 Bxb4 14. Nxd4 Rd8 15. N2b3 a5 16. Nf3 e5 17. Qb2 Ba3 18. Qc3 Nd7 19. h3 f5 20. Rab1 Bb4 21. Qc2 Rf8 22. Nbd2 Rad8 23. a3 Bxa3 24. Rxb7 Bb4 25. Nb3 Rb8 26. Rxd7 Qxd7 27. Nxe5 Qe6 28. f4 Be8 29. Ra1 Ra8 30. Kh2 Bd6 31. Nd4 Qf6 32. Ndf3 c5 33. d4 a4 34. Rb1 a3 35. Qa2 Qd8 36. Rb7 Qa5 37. Nh4 Rb8 38. Rxb8 Bxb8 39. Nhg6 Rf6 40. Ne7+ Kh8 41. N7c6 Bxc6 0-1

[Event "Cannes mT"]
[Site "Cannes"]
[Date "1996.??.??"]
[Round "6"]
[White "Mednis, Edmar John"]
[Black "Relange, Eloi"]
[Result "1/2-1/2"]
[WhiteElo "2405"]
[BlackElo "2460"]
[PlyCount "28"]
[EventDate "1996.02.??"]
[Source "ChessBase"]

1. c4 Nf6 2. Nf3 g6 3. g3 Bg7 4. Bg2 c5 5. Nc3 O-O 6. d4 cxd4 7. Qxd4 Nc6 8. Qh4 d6 9. O-O Be6 10. Rd1 Qc8 11. Bd2 Nh5 12. Ng5 Bf5 13. Nge4 Nf6 14. Rac1 Bxe4 1/2-1/2

[Event "FRA"]
[Site "France"]
[Date "1993.??.??"]
[Round "?"]
[White "Roos, Louis"]
[Black "Sellos, Didier"]
[Result "1-0"]
[WhiteElo "2435"]
[BlackElo "2425"]
[PlyCount "155"]
[EventDate "1993.??.??"]
[Source "www.chesslib.no"]
[SourceDate "2004.05.04"]

1. c4 Nf6 2. Nf3 g6 3. b3 Bg7 4. Bb2 O-O 5. e3 c6 6. Be2 d6 7. O-O a6 8. a3 b5 9. Nc3 Nbd7 10. Qc2 Bb7 11. Rab1 e5 12. d4 Qe7 13. Rfd1 e4 14. Nd2 Rfe8 15. b4 h5 16. Nb3 bxc4 17. Bxc4 Nb6 18. Bf1 Bc8 19. Na5 Bd7 20. Bc1 Rec8 21. Bd2 h4 22. Be1 Bh6 23. Rdc1 Bg5 24. h3 Ra7 25. Qd1 Nh5 26. Be2 Nf6 27. Bd2 d5 28. Qf1 Rca8 29. Nd1 Qd6 30. Rc2 Nc8 31. Rbc1 Ne7 32. Nb2 Kg7 33. Na4 Qb8 34. Nc5 Bc8 35. Rc3 Ne8 36. Ncb3 Bd7 37. Nc5 Bc8 38. Rb1 Nd6 39. a4 Qb6 40. Qc1 f5 41. Rc2 Bf6 42. Ncb3 Bd7 43. Qa3 Nf7 44. Nc5 Bc8 45. Rcc1 Nd8 46. Nab3 Qc7 47. a5 Rb8 48. Na4 Nb7 49. Nb6 Be6 50. Qa4 Qd8 51. Qa1 Bf7 52. Nc5 Nxc5 53. Rxc5 Be8 54. Rc2 Qd6 55. Qc3 Rbb7 56. Na4 Rb8 57. Nc5 Rba8 58. f3 exf3 59. Bxf3 Ng8 60. Rf1 Nh6 61. Kh1 Nf7 62. Be1 Qe7 63. Bf2 Nd6 64. Bg1 Ne4 65. Bxe4 dxe4 66. Bh2 Bf7 67. Na4 Bd5 68. Nb6 Rd8 69. Nxd5 cxd5 70. Qc6 Qxb4 71. Qb6 Qe7 72. Bc7 Rda8 73. Rc6 Kf7 74. Rfc1 g5 75. Bd6 Qd8 76. Rc7+ Rxc7 77. Rxc7+ Kg6 78. Be7 1-0

[Event "Liptov CC Cup"]
[Site "?"]
[Date "2001.??.??"]
[Round "5"]
[White "Hasangatin Ramil"]
[Black "Balogh Tomas"]
[Result "1/2-1/2"]
[WhiteElo "2480"]
[BlackElo "2365"]
[PlyCount "31"]
[EventDate "2001.??.??"]
[Source "www.chesslib.no"]
[SourceDate "2004.05.04"]

1. c4 Nf6 2. Nf3 g6 3. b4 Bg7 4. Bb2 O-O 5. e3 c6 6. Be2 d5 7. O-O Bg4 8. Qb3 Nbd7 9. h3 dxc4 10. Qxc4 Nb6 11. Qc2 Bxf3 12. Bxf3 Nfd5 13. Bxg7 Kxg7 14. a3 e5 15. d3 a5 16. Nc3 1/2-1/2

[Event "World University-ch 7th"]
[Site "Ulaanbaatar"]
[Date "2002.09.11"]
[Round "1"]
[White "Chi Fengtong"]
[Black "Shomoev, Anton"]
[Result "0-1"]
[WhiteElo "2308"]
[BlackElo "2533"]
[PlyCount "94"]
[EventDate "2002.09.11"]
[Source "ChessBase"]
[SourceDate "2002.11.06"]

1. c4 Nf6 2. Nf3 g6 3. b3 Bg7 4. Bb2 d6 5. e3 O-O 6. d4 c5 7. Be2 Nc6 8. O-O Bf5 9. d5 Na5 10. Nh4 Bd7 11. Nd2 b5 12. e4 bxc4 13. bxc4 e5 14. g3 Ne8 15. Ng2 f5 16. f4 Rb8 17. Rb1 exf4 18. Bxg7 Nxg7 19. Nxf4 Qf6 20. Kh1 Qd4 21. Nf3 Qxd1 22. Rfxd1 fxe4 23. Ng5 Rxb1 24. Rxb1 Re8 25. g4 h6 26. Ngh3 g5 27. Ng2 e3 28. Ng1 Re4 29. Rb8+ Kf7 30. Ra8 Nxc4 31. Rxa7 Ke7 32. Nxe3 Nb6 33. Rb7 Rxe3 34. Rxb6 Ne8 35. h3 Nf6 36. Bf3 Ra3 37. Rb2 c4 38. Kg2 c3 39. Rf2 Ba4 40. Ne2 c2 41. Nc1 Re3 42. Rf1 Bb5 43. Rf2 Ba4 44. Rf1 Nd7 45. Nb3 Bxb3 46. axb3 Rc3 47. Be4 Nf6 0-1

[Event "EU Team Ch (Men)"]
[Site "Haifa ISR"]
[Date "1989.??.??"]
[Round "7"]
[White "McNab, Colin Anderson"]
[Black "Shvidler, Eliahu"]
[Result "1/2-1/2"]
[WhiteElo "2435"]
[BlackElo "2400"]
[PlyCount "69"]
[EventDate "1989.11.??"]
[Source "www.chesslib.no"]
[SourceDate "2004.05.04"]

1. c4 Nf6 2. Nf3 c6 3. Nc3 d5 4. e3 e6 5. Qc2 c5 6. cxd5 exd5 7. d4 a6 8. Be2 Nc6 9. O-O Be6 10. Rd1 cxd4 11. exd4 h6 12. Bf4 Bd6 13. Bxd6 Qxd6 14. Na4 O-O 15. Nc5 Rab8 16. Rac1 Rfc8 17. Qd2 Ne4 18. Qe3 Re8 19. Qa3 Bg4 20. Re1 Qf6 21. h3 Bxf3 22. Bxf3 Qxd4 23. Bxe4 dxe4 24. Rcd1 Qc4 25. Rc1 Qb4 26. Qxb4 Nxb4 27. Rxe4 Rxe4 28. Nxe4 Nxa2 29. Rc7 b5 30. Ra7 Rb6 31. Nc5 Nb4 32. Nd7 Rd6 33. Ra8+ Kh7 34. Nf8+ Kg8 35. Nd7+ 1/2-1/2

[Event "Brno Morava-C"]
[Site "Brno"]
[Date "1991.??.??"]
[Round "6"]
[White "Augustin, Josef"]
[Black "Bagaturov, Giorgi"]
[Result "1-0"]
[WhiteElo "2395"]
[BlackElo "2440"]
[PlyCount "52"]
[EventDate "1991.09.??"]
[Source "ChessBase"]

1. c4 Nf6 2. Nf3 g6 3. b3 Bg7 4. Bb2 O-O 5. e3 d6 6. d4 Nbd7 7. Qc2 Re8 8. Nc3 e5 9. Be2 c6 10. O-O Nf8 11. dxe5 dxe5 12. b4 Bf5 13. Qb3 e4 14. Nd4 Bg4 15. c5 N8d7 16. h3 Bxe2 17. Ndxe2 Qc7 18. Rad1 h5 19. Rd4 Re7 20. Ng3 Rae8 21. Qc2 a5 22. a3 axb4 23. axb4 b6 24. cxb6 Nxb6 25. Ba1 Qa7 26. h4 Nbd5 1-0